000
00319nam a2200133Ia 4500
008
150201s2009 xx 000 0 und d
082
_a
616.07
_b
P09D
100
_a
DEY,NC
245
2
_a
A TB OF PATHOLOGY
250
_a
15TH
260
_b
NEW CENTRAL BOOK AGENCY
_a
CALCATA
_c
2009
650
_a
PATHOLOGY
942
_2
ddc
_c
BK
_0
2
999
_c
667
_d
667